00694nam a2200157 a 450000100100000000500170001000800410002702000150006804000250008311101550010824500800026326000490034330000210039295201060041399900170051900003815920201002031202.0130319s1997 dr 000 0 spa d a976815618X aDO-SdBNPbspacBNPHU2 aSeminario internacional sobre Remodelación Urbanad(1988 sep. 21-26 :cMuseo de Historia y Geografía Santo Domingo, República Dominicana)96452110aRemodelación Urbana :bseminario internacional sobre Remodelacion Urbana. aSanto Domingo :bCiudad Alternativa ,c1997. a239 p. ;c22 cm. 00107-18PDaPDbPDcOId2013-03-19iLF1l0o p38159-10r2020-06-25w2020-06-25yLFPDZNo se presta c37649d37649